logo

Bir Sreshtho Munshi Abdur Rouf Library
Jhenaidah Cadet College

Technology and you / (Record no. 8559)

MARC details
000 -LEADER
fixed length control field 00776pam a2200277 a 4500
001 - CONTROL NUMBER
JCCL Control Number 8559
003 - CONTROL NUMBER IDENTIFIER
JCCL marc code BD-JhCC
005 - DATE AND TIME OF LATEST TRANSACTION
control field 20180227162716.0
008 - FIXED-LENGTH DATA ELEMENTS--GENERAL INFORMATION
fixed length control field 860807s1987 nyuaf 001 0 eng
020 ## - INTERNATIONAL STANDARD BOOK NUMBER
International Standard Book Number 0827326629
035 ## - SYSTEM CONTROL NUMBER
system control number (BD-JhCC)8559
040 ## - CATALOGING SOURCE
Original cataloging agency DLC
Transcribing agency DLC
Modifying agency DLC
-- BD-JhCC
041 ## - LANGUAGE CODE
Language code of Book eng
050 00 - LIBRARY OF CONGRESS CALL NUMBER
Classification number T47
Item number .G63 1987
082 00 - DEWEY DECIMAL CLASSIFICATION NUMBER
Classification number 600
DDC Edition number 19
Author mark and Year GOE 1987
100 1# - MAIN ENTRY--PERSONAL NAME
Personal name Goetsch, David L.
245 10 - TITLE STATEMENT
Title Technology and you /
Statement of responsibility, etc David L. Goetsch, John A. Nelson.
260 ## - PUBLICATION, DISTRIBUTION, ETC. (IMPRINT)
Place of publication, distribution, etc Albany, N.Y. :
Name of publisher, distributor, etc Delmar Publishers,
Date of publication, distribution, etc c1987.
300 ## - PHYSICAL DESCRIPTION
Pagination xxiii, 456 p., [16] p. of plates :
Other physical details ill. (some col.) ;
Dimensions 24 cm.
500 ## - GENERAL NOTE
General note Includes index.
650 #0 - SUBJECT ADDED ENTRY--TOPICAL TERM
Topical term or geographic name as entry element Technology.
650 #0 - SUBJECT ADDED ENTRY--TOPICAL TERM
Topical term or geographic name as entry element Industrial arts.
700 1# - ADDED ENTRY--PERSONAL NAME
Personal name Nelson, John A.,
Dates associated with a name 1935-
942 ## - ADDED ENTRY ELEMENTS (KOHA)
Source of classification or shelving scheme Dewey Decimal Classification
Koha item type Books
Holdings
Source of classification or shelving scheme Damaged status Not for loan Home library Current library Shelving location Date of accession Total Checkouts Full call number Barcode Date last seen Copy number Koha item type
Dewey Decimal Classification     JCC Rouf Library JCC Rouf Library General Stacks 08/12/2017   600 GOE 1987 11185 02/27/2018 C - 1 Books

JCC Library | Contacts | JCC Home

Last Update on 23 September 2017
Copyright @ 2017-2020 JCC Rouf Library
Rouf Library, Jhenidah Cadet College (JCC), Bangladesh